000 00663nam a2200229 i 4500
001 bg
100 1 _aŁACH, Jan.
245 1 0 _aTermodynamika techniczna.
_nT.1,
_pTest /
_cJan Łach ; Politechnika Białostocka.
260 _aBiałystok :
_bWydaw. PB,
_c2002.
300 _a292 s. :
_bil. ;
_c23 cm.
504 _aBibliogr.
650 9 _aTermodynamika techniczna
655 _aĆwiczenia i zadania dla szkół wyższych
710 0 _aPolitechnika Białostocka
020 _a8388229338
040 _cBPK
041 0 _apol
080 _a621.1.01:536.7](075.8)(076)
920 _a83-88229-33-8
942 _cKS
008 s pl f |000 0 pol
999 _c45538
_d45538
856 _uhttp://koha.tu.koszalin.pl/cgi-bin/koha/opac-detail.pl?biblionumber=45538
_yKatalog online BPK